[Event "Budapest Spring Festival 2018"]
[Site "Budapest"]
[Date "2018.04.24"]
[Round "7"]
[White "Henderson de La Fuente, Lance"]
[Black "Maiorov, Nikita"]
[Result "1-0"]
[WhiteElo "2459"]
[BlackElo "2543"]
[Annotator "TA"]
[PlyCount "119"]
[EventDate "2018.??.??"]
[EventType "swiss"]
[EventCountry "HUN"]
[SourceTitle "playchess.com"]
[Source "ChessBase"]
[SourceQuality "1"]

{[%evp 17,119,0,0,-10,-10,-6,24,7,9,10,10,8,0,15,16,16,16,0,0,0,10,12,10,-1,-1,-46,0,0,26,-43,0,0,35,29,39,30,69,45,62,48,49,50,61,48,55,52,52,52,57,51,41,22,10,10,26,16,42,25,97,97,248,227,208,131,126,145,137,145,495,477,213,210,347,356,337,341,342,337,344,321,403,385,410,409,409,408,382,380,393,359,1641,1608,1351,1285,29985,5609,2542,1568,29951,29955,29940,12845,6303,6212]} 1. e4 e5 2. Nf3 Nc6 3. Bb5 Nf6 4. d3 Bc5 5. Bxc6 dxc6 6. Nbd2 {C65: Ruy Lopez: Berlin Defence (3...Nf6), unusual lines and 4 0-0 Bc5} (6. O-O Qe7 7. h3 Rg8 8. Kh1 Nh5 9. c3 g5 10. Nxe5 g4 11. d4 Bd6 12. g3 Bxe5 13. dxe5 Qxe5 {0-1 (27) Aronian,L (2794)-Kramnik,V (2800) Berlin 2018}) 6... Nd7 7. Nc4 O-O 8. Qe2 Re8 9. Bd2 b5 {LiveBook: 11 Games} 10. Na5 Qf6 11. O-O $146 ({Predecessor:} 11. a4 Bb6 12. Nb3 a6 13. Be3 Rb8 {½-½ (23) Areshchenko,A (2661)-Balogh,C (2659) Germany 2016}) 11... Bf8 12. c4 a6 13. Rfc1 c5 14. Nb3 b4 15. a3 bxa3 16. Rxa3 Rb8 17. Be3 Re6 18. Nfd2 Reb6 19. Qd1 Bd6 20. Ra5 Qe7 21. g3 Rc6 22. Nb1 Rcb6 23. N1d2 (23. Ra3 $11) 23... Rc6 24. Nb1 {[%cal Bd2b1,Bb1c3,Bc3a4][%mdl 32]} Rcb6 25. Ra3 Qd8 26. Nc3 Bf8 27. Na4 Rc6 28. f3 Be7 29. Qd2 Qf8 30. Qf2 f5 31. exf5 Qxf5 32. Nd2 (32. Naxc5 Rxb3 33. Nxb3 Bxa3 $15) 32... Nf8 {[%cal Bd7f8,Bf8e6,Be6d4][%mdl 32]} 33. Ne4 {[%cal Re3c5]} (33. Bxc5 Rxc5 34. Nxc5 Rxb2 $17) 33... Ne6 34. Nac3 Nd4 35. Nd5 Bf8 36. Rf1 Qh5 37. Bxd4 cxd4 (37... exd4 $11 38. h4 Qh6) 38. Ra5 $16 Qh6 $2 {[#]} (38... h6 $16) 39. f4 $1 $18 {[%cal Rf4e5]} Bh3 40. Rfa1 Bf5 41. fxe5 Bxe4 42. dxe4 $40 {[%mdl 128] Black must now prevent Rf1. Black is in trouble.} Rxc4 $2 {[%mdl 8192]} (42... Qe6 $16 43. Qxd4 Re8) 43. Rxa6 ({Not} 43. Rf1 Rc1 $14) 43... g6 44. e6 ({And not} 44. Rf1 d3 $11) 44... Rc1+ (44... d3 $142 45. e7 Rc2 46. exf8=B Rxf8 47. Ne7+ Kh8 48. Qd4+ Qg7 49. Qxg7+ (49. Qxd3 Qxb2 50. R6a2 Rg2+ 51. Kh1 Rxh2+ 52. Kg1 Rg2+ 53. Kh1 Rh2+ 54. Kg1 Rg2+ 55. Kh1 Rh2+ $11) 49... Kxg7) 45. Kg2 Rxa1 46. Rxa1 Qg7 47. Rf1 {And now Nf6+ would win.} Kh8 48. b3 Bd6 49. Qf7 d3 50. Qxg7+ Kxg7 {[%mdl 4096] Endgame [#] KRB-KRN} 51. Rf7+ $1 Kh6 52. Kf3 g5 53. e7 Kg6 $2 (53... Re8 54. Ke3 Kg6 55. Rf6+ Kg7 56. Kxd3 Bxe7) 54. Rf6+ Kg7 {[#]} 55. Rxd6 $1 {[%mdl 512]} d2 (55... cxd6 56. Nc7) 56. Ke2 (56. Nxc7 $142 Rxb3+ 57. Ke2 d1=Q+ 58. Rxd1 Rb2+ 59. Rd2 Rb8 60. Rd8 Rb2+ 61. Kd3) 56... cxd6 57. Nc7 Kf7 58. e8=Q+ Rxe8 59. Nxe8 Kxe8 60. Kxd2 {Precision: White = 74%, Black = 47%.} 1-0

[Event "Budapest Spring Festival 2018"]
[Site "Budapest"]
[Date "2018.04.24"]
[Round "7"]
[White "Grinberg, Eyal"]
[Black "Vanczak, Tamas"]
[Result "1-0"]
[WhiteElo "2452"]
[BlackElo "2282"]
[Annotator "TA"]
[PlyCount "77"]
[EventDate "2018.??.??"]
[EventType "swiss"]
[EventCountry "HUN"]
[SourceTitle "playchess.com"]
[Source "ChessBase"]
[SourceQuality "1"]

{[%evp 18,77,56,54,75,69,90,84,95,87,131,95,135,133,146,94,158,160,214,220,260,237,254,247,240,209,205,207,277,251,305,268,360,265,494,346,375,352,366,372,356,359,352,245,266,268,355,354,345,347,337,328,391,387,522,502,626,635,845,833,812,785]} 1. e4 {[%cal Be2e4,Be4e5][%mdl 32]} c6 2. d4 d5 3. e5 Bf5 4. Nf3 {[%cal Bg1f3,Bf3e1,Be1d3][%mdl 32]} e6 5. Be2 h6 6. O-O Nd7 7. Nbd2 Ne7 {B12: Caro-Kann: Advance Variation} 8. Nb3 g5 9. Ne1 Bg7 10. f4 {LiveBook: 4 Games} gxf4 11. Bxf4 Ng6 $146 ({Predecessor:} 11... Qb6 12. Kh1 a5 13. a4 h5 14. Bg5 Bg6 15. Bxe7 Kxe7 {1-0 (42) Vachier Lagrave,M (2758)-Harikrishna,P (2727) Beijing 2014}) 12. Bd3 Bxd3 13. Nxd3 Qe7 14. Bd2 O-O-O 15. Bb4 Qe8 16. Nbc5 (16. a4 $142) 16... b6 ({Better is} 16... h5) 17. Nxd7 $16 Rxd7 {[#]} (17... Qxd7 $16 18. Qe1 Qb7) 18. a4 $1 $18 {[%cal Ba2a4,Ba4a5][%mdl 32]} Bf8 19. a5 b5 20. Bxf8 Nxf8 21. Nc5 Re7 22. a6 Nd7 23. Nb7 Qf8 24. Qe1 Rg8 25. Rf2 ({Weaker is} 25. Nd6+ Kb8 $18) 25... Kb8 $2 (25... Nb6 26. b3 Rc7) 26. Qb4 Nb6 27. Raf1 Nc4 28. Qc3 Rc7 29. b3 Nb6 30. Nc5 {[#] And now Nxe6! would win.} Qg7 31. Qd2 Re7 32. Nb7 Nc8 33. Rf6 h5 34. R1f3 h4 35. h3 Nb6 36. Qf2 {White is clearly winning.} Rf8 37. Qxh4 Rg8 {[%csl Gg8][%cal Rg7g2]} 38. Qf2 Qg5 39. Rxf7 {Precision: White = 88%, Black = 29%.} 1-0

[Event "Budapest Spring Festival 2018"]
[Site "Budapest"]
[Date "2018.04.24"]
[Round "7"]
[White "Tica, Sven"]
[Black "Praveen Kumar C"]
[Result "0-1"]
[WhiteElo "2442"]
[BlackElo "2241"]
[Annotator "TA"]
[PlyCount "174"]
[EventDate "2018.??.??"]
[EventType "swiss"]
[EventCountry "HUN"]
[SourceTitle "playchess.com"]
[Source "ChessBase"]
[SourceQuality "1"]

{[%evp 20,174,71,0,12,12,21,5,-2,0,17,35,22,-3,0,-20,0,-33,-37,-93,-20,-92,-77,-116,6,15,0,0,30,0,0,0,86,89,85,96,80,85,83,90,115,0,0,0,0,0,0,-5,0,0,0,-55,-47,-50,0,-81,-66,-77,-77,-83,-31,-31,-24,-65,-65,-45,-42,-91,-90,-90,-26,-31,0,-75,-95,-100,-98,-197,-205,-188,-100,-138,-83,-83,-83,-83,-83,-91,-81,-103,-94,-297,-234,-308,-297,-291,-281,-283,-237,-1239,-1209,-1104,-945,-969,-780,-3945,-2810,-3800,-2727,-2302,-1801,-1145,-1145,-614,-598,-11343,-11856,-12317,-9997,-11484,-9414,-10667,-10210,-10747,-9220,-29968,-29969,-29979,-29980,-29980,-29981,-29981,-29982,-29983,-29984,-29985,-29986,-29986,-29985,-29985,-29986,-29986,-29987,-29987,-29988,-29989,-29988,-29991,-29991,-29991,-29991,-29991,-29992,-29992,-29993,-29995,-29996]} 1. d4 e6 2. c4 c5 3. d5 exd5 4. cxd5 d6 5. Nc3 Nf6 6. Nf3 g6 7. g3 Bg7 8. Bg2 O-O 9. O-O Na6 10. Bf4 Nc7 11. a4 {LiveBook: 10 Games} (11. e4 $16) 11... Nh5 {A62: Modern Benoni: Fianchetto Variation without early ...Nbd7} (11... Re8 12. Re1 Ne4 13. Nxe4 Rxe4 14. Nd2 Rxf4 15. gxf4 Bxb2 16. Rb1 Bg7 17. Qb3 b6 18. e4 Bh6 19. Qg3 {1-0 (36) Rozum,I (2601)-Martirosyan,H (2529) Moscow 2017}) 12. Bg5 f6 13. Bd2 f5 {The position is equal.} 14. Rb1 $146 ({Predecessor:} 14. Bg5 Nf6 15. Qc1 b6 16. b4 Qd7 17. Rb1 Ba6 18. b5 Bb7 19. Rd1 Nfxd5 20. Nxd5 Nxd5 {½-½ (60) Vaingorten,Y (2215)-Lysyj,I (2330) St Petersburg 2002}) 14... f4 15. b4 b6 16. Qb3 Bf5 17. Rbd1 Qd7 18. Qc4 Rae8 19. Rde1 ({White should try} 19. bxc5 $15 bxc5 20. Ng5) 19... Bh3 (19... Bxc3 $1 $17 20. Qxc3 Be4) 20. e3 (20. bxc5 $11 {keeps the balance.} Bxg2 21. Kxg2) 20... fxg3 21. fxg3 Nf6 (21... Bxg2 $17 22. Kxg2 Bxc3 23. Bxc3 Qxa4) 22. e4 Bxg2 23. Kxg2 Ng4 {Strongly threatening ...Rxf3!} 24. bxc5 (24. Bf4 {seems wilder.} cxb4 25. Qxb4 Na6 26. Qb5 Qc8 27. Nd1) 24... bxc5 25. Bf4 Ne5 (25... Rb8 $11 26. Nd1 Rb4) 26. Bxe5 Bxe5 27. Nxe5 Rxe5 28. Rxf8+ Kxf8 29. Rb1 Ne8 30. Qa6 (30. Rb8 $16) 30... Qg7 $1 $11 31. Rf1+ Kg8 32. Qc8 Re7 33. Rf3 Qe5 34. a5 Rf7 (34... Kg7 {keeps more tension.} 35. a6 h5 36. h4 Nf6 37. Qb8 Rd7) 35. Rxf7 (35. Qe6 $11 Qxe6 36. dxe6 Rxf3 37. Kxf3) 35... Kxf7 $15 36. Qb7+ Kg8 (36... Kf8 $5 {[%cal Re5c3]} 37. Qb3 a6 $17) 37. Qb3 (37. Qxa7 $11 {remains equal.} Qxc3 38. Qe7 Qd2+ 39. Kg1) 37... a6 $17 38. Qc4 Nf6 39. h3 Qd4 ({Black should play} 39... h5 $17) 40. Qxd4 $15 cxd4 {[%mdl 4096] Endgame KN-KN} 41. Ne2 Nxe4 {White must now prevent ...d3.} 42. Nxd4 Nc3 43. Ne6 Nxd5 44. Kf3 Kf7 (44... Nb4 $17) 45. Ng5+ $11 Kg7 46. Ke4 (46. Ne4 $11) 46... Nb4 $1 $17 47. Ke3 Nc6 48. Ne6+ (48. Ne4 $17) 48... Kf6 $19 49. Nc7 Nxa5 ({Better is} 49... Nb4 $1 $19 50. Kd4 Ke7) 50. Kf4 Nb3 (50... g5+ $142 $1 51. Ke4 Nb7) 51. Nxa6 $17 Nc5 52. Nb4 Ne6+ 53. Ke3 Ke5 54. Nc6+ Kd5 55. Ne7+ $2 (55. Na5 $17) 55... Kc4 $19 56. Nc8 {[#]} Kc5 $1 57. h4 d5 58. g4 Nd8 59. h5 $2 {[#]} (59. Kf4) 59... g5 $1 60. Ne7 Nf7 61. Ng8 Ne5 62. Nf6 h6 63. Ke2 Kc4 64. Ke3 Nf7 65. Kd2 Kd4 66. Ng8 Ke4 67. Ke2 d4 68. Nf6+ Ke5 69. Ng8 Kf4 70. Kd3 Kxg4 71. Kxd4 Kxh5 72. Kd5 g4 {Black mates.} 73. Ke4 Kg5 74. Ne7 h5 {[%cal Bh6h5,Bh5h4][%mdl 32]} 75. Ke3 h4 76. Kf2 Ne5 77. Kg2 Nd3 78. Nc6 Nf4+ 79. Kf2 g3+ {[%cal Bg4g3,Bg3g2][%mdl 32]} 80. Kf3 g2 81. Kf2 h3 82. Nd4 Kg4 83. Kg1 Nd3 84. Ne2 Ne5 85. Kf2 Nf3 86. Ng1 Nxg1 87. Kxg1 Kf3 {Precision: White = 37%, Black = 61%.} 0-1

[Event "Budapest Spring Festival 2018"]
[Site "Budapest"]
[Date "2018.04.24"]
[Round "7"]
[White "Hauge, Lars Oskar"]
[Black "Pratyusha, Bodda"]
[Result "0-1"]
[WhiteElo "2441"]
[BlackElo "2177"]
[Annotator "TA"]
[PlyCount "60"]
[EventDate "2018.??.??"]
[EventType "swiss"]
[EventCountry "HUN"]
[SourceTitle "playchess.com"]
[Source "ChessBase"]
[SourceQuality "1"]

{[%evp 14,60,3,7,47,38,42,33,63,43,59,25,100,95,125,85,69,74,112,25,22,19,25,0,0,0,0,-52,-65,-85,-93,-110,-72,-404,-156,-1301,-1258,-2018,-1965,-1827,-1683,-1341,-995,-1162,-993,-29993,-29993,-29994,-29995]} 1. e4 e5 2. Nc3 Nf6 3. f4 d5 4. fxe5 Nxe4 5. Qf3 Nxc3 6. bxc3 c5 {C29: Vienna Game: 2...Nf6 3 f4} 7. Bb5+ Nc6 8. Qg3 {LiveBook: 4 Games} a6 $146 {The position is equal.} (8... h5 {is interesting.} 9. Ne2 h4 10. Qf3 Be7 11. Nf4 a6) ({Predecessor:} 8... Qb6 9. Rb1 Be6 10. Nf3 O-O-O 11. Rb2 h6 12. O-O Qc7 13. Bxc6 Qxc6 14. d3 {0-1 (40) Dubov,D (2683)-Tomashevsky,E (2713) St Petersburg 2017}) 9. Bxc6+ $1 bxc6 10. Nf3 h6 11. O-O Be6 12. d3 g5 (12... Qa5 $11) 13. Be3 Be7 14. Qf2 Qa5 15. Rab1 O-O-O 16. h4 (16. Kh1 $16) 16... Rhg8 $1 $11 17. hxg5 hxg5 {[%cal Bh6g5,Bg5g4,Bg4g3][%mdl 32]} 18. Rb2 g4 (18... Qxc3 $2 19. Rfb1 $16) 19. Nd2 g3 20. Qe2 (20. Qf3 $11 Kc7 21. Rfb1) 20... Kc7 $1 $15 21. Rfb1 Rb8 {Strongly threatening ...Rxb2.} 22. Nb3 Qa3 $1 $36 {[%mdl 2048] White must now prevent ...c4. Black has strong initiative.} ({Not} 22... Qxc3 $2 23. Bd2 $18) 23. Bc1 $2 {[%mdl 8192]} (23. c4 $17) 23... Qa4 $2 (23... c4 $19 {has better winning chances.} 24. Qe3 cxb3 25. Qa7+ Rb7 26. Qxb7+ Kxb7 27. Rxb3+ Qxb3 $1 {[%mdl 512]} 28. axb3 Rg4) 24. Be3 $2 {[#]} (24. d4 $17) 24... Qh4 $1 $19 {Hoping for ...Bg4.} 25. Nd2 Rxb2 26. Rxb2 Rh8 {[%csl Gh8][%cal Rh4h1]} 27. Kf1 Qh1+ 28. Bg1 Rh2 {( -> ...Bh3!)} 29. Qe3 Qxg2+ 30. Ke1 {[#]} Bg5 $1 {[%mdl 512] Precision: White = 34%, Black = 57%.} 0-1

[Event "Budapest Spring Festival 2018"]
[Site "Budapest"]
[Date "2018.04.24"]
[Round "7"]
[White "Bryzgalin, Kirill"]
[Black "Donchenko, Anatoly"]
[Result "1-0"]
[WhiteElo "2440"]
[BlackElo "2309"]
[Annotator "TA"]
[PlyCount "77"]
[EventDate "2018.??.??"]
[EventType "swiss"]
[EventCountry "HUN"]
[SourceTitle "playchess.com"]
[Source "ChessBase"]
[SourceQuality "1"]

{[%evp 14,77,18,18,90,75,102,109,120,66,66,46,70,57,75,70,77,67,125,120,101,83,91,113,129,107,116,97,108,109,175,168,142,139,224,219,285,292,552,534,527,529,508,439,446,421,396,382,646,664,1108,575,1162,1073,1089,1069,1167,1674,1475,1584,1497,1479,29989,29990,29990,1245]} 1. e4 c6 2. d4 d5 3. e5 Bf5 4. h4 h5 5. c4 dxc4 6. Bxc4 e6 7. Nc3 Ne7 {B12: Caro-Kann: Advance Variation} 8. Bg5 {LiveBook: 63 Games} b5 $146 (8... Nd7 $11) ({Predecessor:} 8... Nd7 9. Nge2 Nb6 10. Bb3 Qd7 11. Qd2 Ned5 12. Rd1 Be7 13. Ng3 Bg6 14. Bxe7 Qxe7 15. Nce4 O-O-O 16. Nd6+ Kb8 {½-½ (43) McShane,L (2674)-Shimanov,A (2593) Las Vegas 2015}) 9. Be2 b4 {White is better.} 10. Na4 Qa5 11. Nc5 ({Not} 11. Bxh5 Rxh5 12. Qxh5 Qxa4 $17) (11. Nf3 $16) 11... Nd5 $14 12. Nb3 ({But not} 12. Bxh5 Bxc5 13. dxc5 b3+ 14. Bd2 Qxc5 $17) 12... Qb6 13. Nf3 {[%cal Bg1f3,Bf3d2,Bd2c4][%mdl 32]} ({Reject} 13. Bxh5 $6 a5 $11) 13... f6 14. Bc1 Nd7 15. Nfd2 Bg6 ({Black should try} 15... g6 $14) 16. Nc4 $16 Qc7 17. Bd3 Bxd3 18. Qxd3 f5 19. Bg5 a5 20. O-O $36 {[%mdl 2048] Keeping Black busy.} a4 21. Nbd2 Qb8 (21... N7b6 $16) 22. Rfe1 Kf7 23. Rac1 Qb5 (23... N7b6 $16 24. Nf3 Qc7) 24. Qg3 $18 Rc8 25. Nf3 N5b6 $2 {[#]} (25... Nc3 26. bxc3 Qxc4 27. cxb4 Qd5) 26. Nd6+ Bxd6 27. exd6 Qd5 28. b3 axb3 29. axb3 Kg8 30. Re3 c5 $2 (30... Rf8 31. Ne5 Nxe5) 31. dxc5 Rxc5 32. Rce1 e5 33. Nxe5 Qxd6 {[#]} 34. Be7 $1 {[%mdl 512]} Qh6 (34... Qxe7 35. Nxd7) 35. Nxd7 f4 36. Qf3 Nxd7 37. Bxc5 {Threatening mate with Re8+.} Nxc5 38. Qd5+ Kh7 39. Re6 {Precision: White = 63%, Black = 34%.} (39. Re5 $142 Rc8 40. Rxh5 Qxh5 41. Qxh5+ Kg8 42. Re7 Ne6 43. Rxe6 f3 44. Re7) 1-0

[Event "Budapest Spring Festival 2018"]
[Site "Budapest"]
[Date "2018.04.24"]
[Round "7"]
[White "Gavrilescu, David"]
[Black "Szieberth, Adam"]
[Result "1/2-1/2"]
[WhiteElo "2436"]
[BlackElo "2298"]
[Annotator "TA"]
[PlyCount "179"]
[EventDate "2018.??.??"]
[EventType "swiss"]
[EventCountry "HUN"]
[SourceTitle "playchess.com"]
[Source "ChessBase"]
[SourceQuality "1"]

{[%evp 21,179,36,38,37,40,31,105,22,32,37,38,41,131,36,54,17,31,13,11,0,0,0,49,25,20,27,68,75,55,32,42,37,45,34,35,32,28,22,21,20,41,0,0,0,8,8,38,15,15,15,41,41,41,41,69,69,69,69,69,69,69,69,87,69,62,0,87,87,89,44,93,77,103,93,103,0,29991,29992,29992,226,29992,102,29940,0,29992,0,29942,29949,29940,11427,900,75,668,77,77,77,77,0,8,0,77,77,77,77,84,80,133,80,80,80,80,80,80,63,63,63,77,49,80,80,80,80,4614,79,79,79,77,0,79,77,77,0,79,79,79,80,80,79,80,80,79,77,77,77,79,72,79,33,40,12,12,12,12,12,12,12,12,12,12,12]} 1. e4 c5 2. Nf3 e6 3. d4 cxd4 4. Nxd4 a6 5. c4 Nf6 6. Nc3 Bb4 7. Qd3 {B41: Sicilian: Kan Variation: 5 c4} d5 8. exd5 exd5 9. Be2 O-O 10. O-O dxc4 11. Qxc4 Bd6 {LiveBook: 3 Games} 12. Bg5 $146 ({Predecessor:} 12. Rd1 Qc7 13. Qxc7 Bxc7 14. Bg5 Nbd7 {1-0 (52) Lenic,L (2650)-Izsak,G (2437) Hungary 2018}) 12... h6 13. Bh4 Be5 (13... b5 $14 14. Qd3 Be5) 14. Nf3 (14. Rad1 $16) 14... b5 $1 $11 15. Qb3 Be6 16. Qc2 Bf4 (16... Bxc3 $14 17. bxc3 (17. Qxc3 Nbd7 $11) 17... Nbd7) 17. Rad1 (17. g3 $1 $16 {[%cal Rg3f4]} Bc7 18. Rfd1) 17... Nbd7 $14 18. Nd4 Qb6 19. Nxe6 Qxe6 20. Bf3 Rac8 21. Rfe1 Qc4 22. Bxf6 Nxf6 23. Qf5 Rc5 24. Nd5 Bg5 25. g3 Nxd5 26. Bxd5 Qc2 $1 {[%cal Rc2f5]} 27. Bxf7+ Kh8 28. Qxc2 Rxc2 29. Rd7 Rxb2 30. h4 Bd8 31. Re6 Rxa2 32. Kg2 Rc2 33. Rxa6 Rc7 34. Ra7 (34. Rxc7 {is interesting.} Bxc7 35. Bb3 Rb8 36. Rc6 Bd8 37. h5) 34... Rxa7 35. Rxa7 $11 {[%mdl 4096] Endgame KRB-KRB} Bf6 36. Rb7 b4 37. h5 Bc3 38. f4 Rd8 39. Kf3 Rc8 40. Ke4 Ra8 41. Kf5 Rc8 42. Be6 Rf8+ 43. Bf7 ({Better is} 43. Ke4 $14) 43... Rc8 (43... b3 $11 {keeps the balance.}) 44. g4 $16 Rf8 45. g5 hxg5 46. fxg5 {Black must now prevent Kg6.} Rd8 47. Be6 Re8 48. Bf7 (48. g6 $16) 48... Rf8 $2 {[%mdl 8192]} (48... Rd8 $11) 49. Kg6 $1 Rd8 50. Be6 $2 (50. Re7 $1 Rb8 51. h6 b3 52. hxg7+ Bxg7 53. Re3 Rb6+ 54. Be6 Rxe6+ 55. Rxe6) 50... Re8 $2 (50... b3 $18 51. Rxb3 Re8) 51. Kf7 $2 (51. Bb3 {mates} Rc8 52. Re7 Bb2 53. Be6 Ra8 54. h6 Rg8 55. Bxg8 gxh6 56. Be6 Bg7 57. Rxg7 hxg5 58. Rh7#) 51... Ra8 $2 {[%mdl 8192]} (51... Rg8 $16 52. Ke7 Ra8) 52. Kg6 Re8 $1 {[%cal Re8e6]} 53. Kf7 Ra8 54. h6 $1 Kh7 55. hxg7 (55. Bf5+ $142 Kh8 56. h7 Bd2 57. g6 Bc3 58. Bd3 Rc8 59. Be4 Rd8 60. Bc2) 55... Bxg7 $18 56. Bf5+ Kh8 57. Rxb4 $2 (57. Rd7 $1 $18 {is the precise move to win.}) 57... Ra7+ $16 58. Kg6 $1 {White wants to mate with Rb8+.} Ra6+ 59. Kf7 (59. Kh5 $1 $16 {Hoping for Rb8+.} Kg8 60. Bd3) 59... Ra7+ $11 60. Kg6 (60. Ke8 $11 Kg8 61. Rb6) 60... Ra6+ $16 {[#]} 61. Kh5 $1 {Rb8+ is the strong threat.} Be5 62. Rb7 Ra8 63. Re7 Bg7 (63... Bb2 $142) 64. Kg6 (64. Rd7 $142 Re8 65. Bd3) 64... Rg8 65. Rd7 {Strongly threatening Be6.} Be5+ 66. Kh5 {[%csl Gf5][%cal Rd7h7]} Rg7 67. Rd5 Bf4 68. Bg6 Rb7 69. Kh6 {[%cal Rd5d8]} Rb8 70. Rd7 Be5 71. Re7 Bc3 $2 {[%mdl 8192] [#]} (71... Bd6 $16 72. Rd7 Bf4) 72. Rh7+ $2 (72. Bf7 $1 $18 {[%cal Rf7e6] and the rest is easy. Intending Be6 and mate.} Bb4 73. Re4 Rb6+ 74. Be6) 72... Kg8 73. Rc7 Be5 74. Rd7 (74. Ra7 $16) 74... Bb2 (74... Kh8 $1 $11) 75. Bf5 Rb6+ 76. Bg6 {[%cal Rd7d8]} Rb8 $1 77. Be4 Rb6+ 78. g6 {[%cal Rd7d8]} Bc1+ 79. Kh5 {And now Bd5+ would win.} Bb2 80. Bd5+ Kf8 81. Kh6 Rf6 82. Rb7 Bc3 83. Rb8+ Ke7 84. Bf7 Rf2 85. Kg5 (85. Rb7+ {with more complications.} Kf8 86. Be6 Bg7+ 87. Kg5 Bf6+ 88. Kh5) 85... Rg2+ {The position is equal.} 86. Kf5 Rf2+ 87. Ke4 Kf6 88. Rb6+ Kg7 89. Rb7 Kh6 90. Kd3 {Precision: White = 48%, Black = 53%.} 1/2-1/2

[Event "Budapest Spring Festival 2018"]
[Site "Budapest"]
[Date "2018.04.24"]
[Round "7"]
[White "Barski, Radoslaw"]
[Black "Pranav Anand"]
[Result "1-0"]
[WhiteElo "2432"]
[BlackElo "2158"]
[Annotator "TA"]
[PlyCount "99"]
[EventDate "2018.??.??"]
[EventType "swiss"]
[EventCountry "HUN"]
[SourceTitle "playchess.com"]
[Source "ChessBase"]
[SourceQuality "1"]

{[%evp 20,99,10,4,2,0,0,0,0,0,0,-9,15,0,0,0,12,0,48,50,51,27,42,27,25,44,229,212,311,291,357,357,357,346,354,350,346,288,346,240,236,230,208,222,314,302,352,306,445,409,408,388,745,771,5143,4654,1977,636,1689,1733,1701,1581,1729,1541,29961,6095,6087,6087,1783,6087,4814,5704,6087,5817,5583,4814,4133,1739,2665,1385,2136,1600]} 1. e4 e5 2. Nf3 Nc6 3. Bb5 {[%cal Bf1b5,Bb5a4,Ba4b3,Bb3c2][%mdl 32]} a6 4. Ba4 Nf6 5. O-O Nxe4 6. d4 b5 7. Bb3 d5 8. Nxe5 Nxe5 9. dxe5 c6 10. Be3 Be7 11. c3 {LiveBook: 5 Games. C80: Open Ruy Lopez: Sidelines and 9 Nbd2} (11. Nd2 Nxd2 12. Qxd2 Bf5 13. Qc3 Rc8 14. Bc5 Bxc5 15. Qxc5 Qe7 16. Qe3 {½-½ (16) Klima,L (2443)-Haba,P (2514) Czechia 2007}) 11... Bf5 12. Bc2 {[#] Threatens to win with f3.} Qd7 13. f3 {The position is equal.} Nc5 $1 14. f4 O-O 15. Nd2 Rad8 $146 ({Predecessor:} 15... Bxc2 16. Qxc2 f5 17. Bxc5 Bxc5+ 18. Kh1 {1-0 (41) Padevsky,N-Sigurjonsson,G Lugano 1968}) 16. Qb1 Bxc2 17. Qxc2 f6 18. b4 $36 {[%mdl 2048] exf6 is the strong threat. White has good play.} Ne4 19. Nxe4 dxe4 20. Rad1 Qf5 21. Qb3+ Kh8 22. Rxd8 Bxd8 $2 (22... Rxd8 $14 23. Bd4 Rd5) 23. Bc5 $18 Re8 (23... Rg8 {is a better defense.} 24. Qf7 a5) 24. Qf7 {[%cal Rf7e8]} Qg6 25. e6 f5 26. Rd1 Bf6 27. Rd6 Bxc3 28. Rxc6 e3 {And now ...e2 would win.} 29. Qxg6 (29. Bxe3 Bxb4 30. Rxa6 Qxf7 $18) 29... hxg6 {[%mdl 4096] Endgame [#] KRB-KRB} 30. Kf1 $1 a5 31. a3 (31. Bxe3 $6 Bxb4 32. Ke2 Kg8 $16) 31... a4 (31... axb4 $142 32. axb4 Kh7) 32. Rb6 Bb2 33. e7 ({Not} 33. Bxe3 Bxa3 34. Bc5 (34. Rxb5 Rxe6 35. Bd2 Re4 $14) 34... Kg8 $16) (33. Rxb5 Rxe6 34. Ke2 Re4 $16) 33... Bxa3 (33... Bf6 $142 34. Rxb5 Bxe7) 34. Rxb5 Bb2 35. Ra5 a3 $2 (35... Bf6 36. Ra7 (36. Rxa4 Bxe7 37. Ke2 Bxc5 $18) 36... Kg8) 36. b5 {[%cal Bb4b5,Bb5b6][%mdl 32]} Kg8 37. b6 Kf7 38. Bxa3 (38. b7 $142 Bf6 39. Rxa3) 38... e2+ 39. Kxe2 Bxa3 40. Rxa3 Rxe7+ {KR-KR} 41. Kd3 Kf6 42. Rb3 (42. Kc4 $142 Re8 43. Kc5 g5 44. fxg5+ Kxg5 45. b7 Rb8 46. Kb6 Re8 47. Ra8 Re6+ 48. Kc5 Re5+ 49. Kc4 Re4+ 50. Kd3) 42... Rb7 {White is clearly winning.} 43. Kc4 Ke6 44. Kc5 Kd7 45. Rd3+ Kc8 46. Kc6 Re7 47. Rd6 Rf7 48. Rxg6 (48. Re6 $142 Rf8 49. Rxg6) 48... Re7 49. Rd6 Rf7 50. Re6 {Precision: White = 62%, Black = 43%.} 1-0

[Event "Budapest Spring Festival 2018"]
[Site "Budapest"]
[Date "2018.04.24"]
[Round "7"]
[White "Toth, Ervin"]
[Black "Jarmula, Lukasz"]
[Result "0-1"]
[WhiteElo "2427"]
[BlackElo "2492"]
[Annotator "TA"]
[PlyCount "50"]
[EventDate "2018.??.??"]
[EventType "swiss"]
[EventCountry "HUN"]
[SourceTitle "playchess.com"]
[Source "ChessBase"]
[SourceQuality "1"]

{[%evp 19,50,-18,6,-33,-26,-103,-81,-62,-99,-104,-108,-122,-112,-192,-181,-193,-175,-444,-456,-458,-431,-838,-865,-779,-768,-1666,-1622,-1704,-1651,-1694,-1655,-1608,-1595]} 1. d4 {[%cal Bd2d4,Bd4d5][%mdl 32]} Nf6 2. c4 e6 3. Nc3 Bb4 4. f3 c5 5. d5 O-O 6. e4 b5 {E20: Nimzo-Indian: 4 g3 and 4 f3} 7. e5 Ne8 {[%cal Bf6e8,Be8c7,Bc7e6][%mdl 32]} 8. f4 d6 9. Nf3 exd5 10. cxd5 c4 {LiveBook: 16 Games} (10... Nc7 11. a4 Bb7 12. Bd3 h6 13. O-O c4 14. Bb1 dxe5 15. fxe5 Nxd5 16. Nxb5 {1-0 (36) Mamedyarov,S (2799)-Le,Q (2737) Huaian 2017}) 11. Bd2 Nc7 $146 ({Predecessor:} 11... Qb6 12. a3 Bxc3 13. Bxc3 Nd7 {0-1 (38) Anfinogenov,A (2045)-Denisov,D (1981) Nalchik 2014}) 12. Ne4 {[#]} (12. a4 $11 {remains equal.}) 12... Bxd2+ $1 $17 ({Don't play} 12... Nxd5 $6 13. Bxb4 Nxb4 14. Nxd6 $11) 13. Qxd2 dxe5 $1 14. d6 Ne6 15. fxe5 Bb7 16. Qe3 (16. Neg5 $17) 16... Qa5+ $19 17. Kf2 Nd7 18. Ng3 $2 {[#]} (18. Be2 {is a better defense.}) 18... f5 {Black is clearly winning.} 19. exf6 Rae8 (19... Rxf6 $2 20. Be2 $19) 20. fxg7 (20. Kg1 $142 Nxf6 21. h3) 20... Nxg7 21. Qd4 Ne6 22. Qg4+ Kh8 23. Be2 Qb6+ 24. Ke1 Bxf3 25. gxf3 Ne5 {Precision: White = 24%, Black = 84%.} 0-1